RC Strasbourg Alsace Squad 2025-2026 - Statistics

General Stats
  • This quiz has been taken 85 times
    31 since last reset
  • The average score is 21 of 35
Answer Stats
# Position Nation Player % Correct
10 FW Netherlands Emanuel Emegha
96%
9 FW Argentina Joaquín Panichelli
96%
19 MF Paraguay Julio Enciso
96%
32 MF Argentina Valentín Barco
96%
3 DF England Ben Chilwell
92%
7 MF Belgium Diego Moreira
92%
39 GK Belgium Mike Penders
92%
11 MF Sweden Sebastian Nanasi
92%
- Coach England Liam Rosenior
88%
2 DF Ireland Andrew Omobamidele
85%
29 MF Morocco Samir El Mourabet
81%
- Coach England Gary O'Neil
77%
24 DF Denmark Lucas Høgsberg
77%
5 DF Argentina Aarón Anselmino
69%
8 MF Poland Maxi Oyedele
69%
27 FW England Samuel Amo-Ameyaw
69%
23 DF France Mamadou Sarr
65%
15 FW Ivory Coast David Datro Fofana
62%
22 DF Ivory Coast Guéla Doué
62%
20 FW Ivory Coast Martial Godo
62%
83 MF Portugal Rafael Luís
62%
6 DF France Ismaël Doukouré
58%
1 GK Sweden Karl-Johan Johnsson
54%
80 FW Morocco Gessime Yassine
50%
16 MF Ecuador Kendry Páez
46%
42 FW Ivory Coast Abdoul Ouattara
31%
80 MF France Félix Lemaréchal
31%
17 MF France Mathis Amougou
27%
77 DF Ukraine Eduard Sobol
23%
5 DF Ivory Coast Abakar Sylla
19%
50 GK France Stefan Bajic
15%
18 MF France Junior Mwanga
12%
4 DF Guinea Saïdou Sow
12%
41 MF France Rabby Nzingoula
8%
44 DF France Soumaïla Coulibaly
8%
No matching quizzes found
Score Distribution
Percent of People with Each Score
Percentile by Number Answered
Your Score History
You have not taken this quiz since the last reset